(Actualisé) Le meilleur buteur de l'OL par saison (1994-2022) - Statistiques

Statistiques générales
  • Ce quiz a été pris 172 fois
    102 depuis la dernière actualisation
  • Le résultat moyen est 18 sur 28
Statistiques - réponses
Hint Réponse % Correct
2013-2014 Alexandre Lacazette
100%
2014-2015 Alexandre Lacazette
100%
2015-2016 Alexandre Lacazette
100%
2016-2017 Alexandre Lacazette
100%
2017-2018 Memphis Depay
92%
2020-2021 Memphis Depay
92%
2018-2019 Moussa Dembele
91%
2019-2020 Moussa Dembele
91%
2011-2012 Lisandro Lopez / Bafétimbi Gomis
85%
2007-2008 Karim Benzema
83%
2008-2009 Karim Benzema
83%
2012-2013 Bafétimbi Gomis
79%
2009-2010 Lisandro Lopez
78%
2010-2011 Lisandro Lopez
78%
2002-2003 Juninho
76%
2004-2005 Juninho
76%
1999-2000 Sony Anderson
76%
2000-2001 Sony Anderson
76%
2001-2002 Sony Anderson
76%
2005-2006 Fred
46%
2006-2007 Fred
46%
1996-1997 Alain Caveglia
17%
1997-1998 Alain Caveglia
17%
1998-1999 Alain Caveglia
17%
1994-1995 Florian Maurice
15%
1995-1996 Florian Maurice
15%
2003-2004 Peguy Luyindula
10%
2021-2022 Moussa Dembele
6%
Aucun quiz correspondant
Distribution des résultats
% des personnes avec chaque résultat
Percentile par nombre de réponses
Votre historique - résultats
Vous n’avez pas pris ce quiz depuis la dernière actualisation